High temperature oxidation and corrosion of metals / (Record no. 11177)

MARC details
000 -LEADER
fixed length control field 00680nam a22001937a 4500
008 - FIXED-LENGTH DATA ELEMENTS--GENERAL INFORMATION
fixed length control field 090405t xxu||||| |||| 00| 0 eng d
020 ## - INTERNATIONAL STANDARD BOOK NUMBER
International Standard Book Number 9780080445878
082 ## - DEWEY DECIMAL CLASSIFICATION NUMBER
Edition number 22
Classification number 620.1617
Item number YOU
100 ## - MAIN ENTRY--PERSONAL NAME
9 (RLIN) 3108
Personal name Young, D. J.
Fuller form of name (David John)
245 ## - TITLE STATEMENT
Title High temperature oxidation and corrosion of metals /
Statement of responsibility, etc by David John Young.
260 ## - PUBLICATION, DISTRIBUTION, ETC. (IMPRINT)
Place of publication, distribution, etc Oxford :
Name of publisher, distributor, etc Elsevier Science,
Date of publication, distribution, etc 2008
300 ## - PHYSICAL DESCRIPTION
Extent xvii, 574 p. :
Other physical details ill. ;
Dimensions 24 cm.
440 ## -
-- 3110
-- Corrosion series ;
-- 1
500 ## - GENERAL NOTE
General note Includes bibliographical references and index.
650 ## - SUBJECT ADDED ENTRY--TOPICAL TERM
9 (RLIN) 3112
Topical term or geographic name as entry element Alloys
650 ## - SUBJECT ADDED ENTRY--TOPICAL TERM
9 (RLIN) 3111
Topical term or geographic name as entry element Metallic oxides
650 ## - SUBJECT ADDED ENTRY--TOPICAL TERM
9 (RLIN) 3114
Topical term or geographic name as entry element Metals
General subdivision -- Effect of high temperatures on.
942 ## - ADDED ENTRY ELEMENTS (KOHA)
Source of classification or shelving scheme Dewey Decimal Classification
Item type Book - Borrowing
Holdings
Withdrawn status Item status Source of classification or shelving scheme Damaged status Not for loan Vendor Home library Current library Shelving location Date acquired Source of acquisition Cost, normal purchase price Serial Enumeration / chronology Total Checkouts Total Renewals Full call number Barcode Date last seen Date last borrowed Koha item type
    Dewey Decimal Classification     Baccah Central Library Central Library First floor 05/04/2009   1300.00 7117 1 3 620.1617 YOU 000015755 15/07/2025 14/12/2013 Book - Borrowing